000 00531nam a2200205Ia 4500
005 20250326144327.0
008 250326s9999 xx 000 0 und d
020 _a0-415-40401-0
037 _aTextbook
040 _aFMSL
_beng
_cFMSL
041 _aeng
_2eng
084 _aR P7
_qFMSL
100 _aCohen M
_9749477
245 0 _a101 philosophy prolems
_cCohen M
260 _aLondon
_bLondon, Routledge
_c2007
300 _a238p
365 _b869.27499999999998
942 _cTB
_hR P7
999 _c1303317
_d1303317